<?xml version="1.0" encoding="UTF-8"?><?xml-stylesheet type="text/xsl" href="static/style.xsl"?><OAI-PMH xmlns="http://www.openarchives.org/OAI/2.0/" xmlns:xsi="http://www.w3.org/2001/XMLSchema-instance" xsi:schemaLocation="http://www.openarchives.org/OAI/2.0/ http://www.openarchives.org/OAI/2.0/OAI-PMH.xsd"><responseDate>2026-04-13T01:21:14Z</responseDate><request verb="GetRecord" identifier="oai:www.recercat.cat:2072/457350" metadataPrefix="marc">https://recercat.cat/oai/request</request><GetRecord><record><header><identifier>oai:recercat.cat:2072/457350</identifier><datestamp>2024-11-01T00:38:37Z</datestamp><setSpec>com_2072_98</setSpec><setSpec>col_2072_378192</setSpec></header><metadata><record xmlns="http://www.loc.gov/MARC21/slim" xmlns:dcterms="http://purl.org/dc/terms/" xmlns:xsi="http://www.w3.org/2001/XMLSchema-instance" xmlns:doc="http://www.lyncode.com/xoai" xsi:schemaLocation="http://www.loc.gov/MARC21/slim http://www.loc.gov/standards/marcxml/schema/MARC21slim.xsd">
   <leader>00925njm 22002777a 4500</leader>
   <datafield ind2=" " ind1=" " tag="042">
      <subfield code="a">dc</subfield>
   </datafield>
   <datafield ind2=" " ind1=" " tag="720">
      <subfield code="a">Rosales, Alejandra</subfield>
      <subfield code="e">author</subfield>
   </datafield>
   <datafield ind2=" " ind1=" " tag="720">
      <subfield code="a">Madrid, Alvaro</subfield>
      <subfield code="e">author</subfield>
   </datafield>
   <datafield ind2=" " ind1=" " tag="720">
      <subfield code="a">Muñoz, Marina</subfield>
      <subfield code="e">author</subfield>
   </datafield>
   <datafield ind2=" " ind1=" " tag="720">
      <subfield code="a">Dapena, José Luis</subfield>
      <subfield code="e">author</subfield>
   </datafield>
   <datafield ind2=" " ind1=" " tag="720">
      <subfield code="a">Ariceta Iraola, Gema</subfield>
      <subfield code="e">author</subfield>
   </datafield>
   <datafield ind2=" " ind1=" " tag="720">
      <subfield code="a">Universitat Autònoma de Barcelona</subfield>
      <subfield code="e">author</subfield>
   </datafield>
   <datafield ind2=" " ind1=" " tag="260">
      <subfield code="c">2021</subfield>
   </datafield>
   <datafield ind2=" " ind1=" " tag="520">
      <subfield code="a">Background: High dose methotrexate (HDMTX) is used for the treatment of pediatric hemato-oncological diseases. HDMTX can induce acute kidney injury in cases of delayed elimination. The use of leucovorin remains the most effective rescue action. Further treatment options are of difficult access in the rare cases where leucovorin fails to prevent renal failure from occurring. Glucarpidase is an effective treatment in cases of methotrexate (MTX) delayed elimination, but cost is high and availability is limited. Charcoal hemoperfusion (CHP) is a very efficient procedure to remove protein-bound drugs, promoting fast MTX elimination, but is rarely considered as a treatment option. Methods: We present three pediatric cases with prolonged exposure to MTX after HDMTX and delayed elimination in which hemoperfusion was performed as rescue treatment for methotrexate intoxication. Results: Charcoal hemoperfusion was performed with positive results and no complications as bridging until glucarpidase was available in two cases and in one case where two doses of glucarpidase led to insufficient reduction of MTX levels. Conclusions: CHP can be considered as a rescue treatment option in MTX intoxication, since it is an effective and safe extracorporeal method for removing MTX, in cases where rescue with leucovorin is insufficient and glucarpidase is not available or while waiting for delivery</subfield>
   </datafield>
   <datafield ind1="8" ind2=" " tag="024">
      <subfield code="a">http://hdl.handle.net/2072/457350</subfield>
   </datafield>
   <datafield tag="653" ind2=" " ind1=" ">
      <subfield code="a">Charcoal</subfield>
   </datafield>
   <datafield tag="653" ind2=" " ind1=" ">
      <subfield code="a">Hemoperfusion</subfield>
   </datafield>
   <datafield tag="653" ind2=" " ind1=" ">
      <subfield code="a">Methotrexate</subfield>
   </datafield>
   <datafield tag="653" ind2=" " ind1=" ">
      <subfield code="a">High dose methotrexate</subfield>
   </datafield>
   <datafield tag="653" ind2=" " ind1=" ">
      <subfield code="a">Glucarpidase</subfield>
   </datafield>
   <datafield tag="653" ind2=" " ind1=" ">
      <subfield code="a">Methotrexate toxicity</subfield>
   </datafield>
   <datafield ind2="0" ind1="0" tag="245">
      <subfield code="a">Charcoal Hemoperfusion for Methotrexate Toxicity : A Safe and Effective Life-Rescue Alternative When Glucarpidase Is Not Available</subfield>
   </datafield>
</record></metadata></record></GetRecord></OAI-PMH>